000 00704nam a22001937a 4500
005 20161024123331.0
010 _aENG-116282
020 _a97881810902789
_c500.00
035 _aEN-99814
037 _bDBAD/PUB
082 _a181.46
100 _aKarnik, Vaishali Sunil
245 _aConcept of moksa :
_c by Vaishali Sunil Karnik
_bin advatia vedanta with special reference to Jivanmuktiviveka of Shri Vidyaranyaswai /
260 _aDelhi
_bBhartiya Kala Prakashan
_c2012
270 _a3421-A,IInd Floor Narang Colony,Tri Nagar
_bDelhi
_e110035
300 _axiv,333p. :
_c21cm(Hb)
_bill
500 _aIncludes bibliographical references and Index
942 _2ddc
_cEN
_h181.46
_mKAR
999 _c104174
_d104174